Chinese Emperors- Ming Dynasty - Statistics

General Stats
  • This quiz has been taken 62 times
  • The average score is 10 of 16
Answer Stats
Answer % Correct
Zhu Di 朱棣 明太宗 明成祖 永乐
95%
Zhu Yuanzhang 朱元璋 明太祖 洪武
80%
Zhu Youjian 朱由检 明思宗 崇祯
70%
Zhu Gaochi 朱高炽 明仁宗 洪熙
65%
Zhu Youcheng 朱佑樘 明孝宗 弘治
65%
Zhu Yunwen 朱允炆 明惠帝 建文
65%
Zhu Zhanji 朱瞻基 明宣宗 宣德
65%
Zhu Houcong 朱厚熜 明世宗 嘉靖
60%
Zhu Houzhao 朱厚照 明武宗 正德
60%
Zhu Qizhen 朱祁镇 明英宗 正统 天顺
60%
Zhu Jianshen 朱见深 明宪宗 成化
55%
Zhu Changluo 朱常洛 明光宗 泰昌
50%
Zhu Qiyu 朱祁钰 明代宗 景泰
50%
Zhu Youxiao 朱由校 明熹宗 天启
50%
Zhu Zaihou 朱载垕 明穆宗 隆庆
50%
Zhu Yijun 朱翊钧 明神宗 万历
45%
No matching quizzes found
Score Distribution
Percent of People with Each Score
Percentile by Number Answered
Your Score History
You have not taken this quiz